000 00599nam a2200205 i 4500
001 65582
003 ES-MaACL
005 20230906165424.0
007 t|
008 040116s1967 sp ||||1| spa d
100 1 _aFries, Heinrich.
_952661
245 1 3 _aLa Iglesia en diálogo y encuentro /
_cHeinrich Fries ; [lo tradujo José Luis Sicre].
260 _aSalamanca :
_bSígueme,
_c1967.
300 _a272 p. ;
_c22 cm.
490 1 _aDiálogo ;
_v3
700 1 _aSicre, José Luis.
_9106198
830 0 _aDiálogo ;
_v3
_9180869
852 _aES-MaACL
_jC-33175
_bR.63367
999 _c65582
_d65582